LEADER 01008nam 2200361 450 001 9910583092803321 005 20220904011226.0 010 $a0-12-812810-0 035 $a(CKB)4100000001474187 035 $a(MiAaPQ)EBC5754473 035 $a(NjHacI)994100000001474187 035 $a(EXLCZ)994100000001474187 100 $a20220904d2018 uy 0 101 0 $aeng 135 $aur||||||||||| 181 $ctxt$2rdacontent 182 $cc$2rdamedia 183 $acr$2rdacarrier 200 10$aCloud Computing /$fDan C. Marinescu 205 $aSecond edition. 210 1$aCambrige :$cMorgan Kaufmann Publishers,$d2018. 215 $a1 online resource (xxi, 566 pages) $cillustrations 300 $aIncludes index. 606 $aCloud computing 615 0$aCloud computing. 676 $a004.67/82 700 $aMarinescu$b Dan C.$0621699 801 0$bNjHacI 801 1$bNjHacl 906 $aBOOK 912 $a9910583092803321 996 $aCloud computing$92759274 997 $aUNINA LEADER 01113nam a22002651i 4500 001 991003624099707536 005 20040726160005.0 008 040802s1955 fr |||||||||||||||||fre 035 $ab13102175-39ule_inst 035 $aARCHE-105478$9ExL 040 $aBiblioteca Interfacoltà$bita$cA.t.i. Arché s.c.r.l. Pandora Sicilia s.r.l. 082 04$a841.8 100 1 $aRaymond, Marcel$0386574 245 10$aBaroque & Renaissance poétique :$bpréalable a l'examen du baroque littéraire français : quelques aspects de la poésie de Ronsard : esquisse d'un Mal herbe /$cMarcel Raymond 260 $aParis :$bJ. Corti,$c1955 300 $a172 p. ;$c19 cm 600 14$aMalherbe, François :$cde 600 14$aRonsard, Pierre :$cde 650 4$aPoesia francese$ySec. 16.-17. 907 $a.b13102175$b02-04-14$c05-08-04 912 $a991003624099707536 945 $aLE002 Fondo Giudici H 738$g1$i2002000303981$lle002$nC. 1$o-$pE0.00$q-$rn$so $t0$u0$v0$w0$x0$y.i13736449$z05-08-04 996 $aBaroque & Renaissance poétique$9307010 997 $aUNISALENTO 998 $ale002$b05-08-04$cm$da $e-$ffre$gfr $h0$i1